000
00321nam a22001457a 4500
003
SGT
020
_a
978-93-83290-52-9
082
_a
615.32
_b
E15S
100
_a
SHAH,BIREN.N.
245
_a
EXPERIMENTAL PHARMACOGNOSY
260
_a
JALANDHAR
_b
S.VIKASH
_c
2015
300
_a
271
650
_a
PHARMACY
942
_2
ddc
_c
BK
_0
1
999
_c
17331
_d
17331